ბათუმის შოთა რუსთაველის სახელმწიფო უნივერსიტეტის ბიბლიოთეკა

თხზულებანი:ტექსტი,შენიშვნები,ლექსიკონი. (ბიბ.ჩანაწერი № 39958)

000 -LEADER
fixed length control field 00756nam a2200217Ia 4500
001 - CONTROL NUMBER
control field 6564
003 - CONTROL NUMBER IDENTIFIER
control field GE_BSU
008 - FIXED-LENGTH DATA ELEMENTS--GENERAL INFORMATION
fixed length control field 181216s||||||||xx |||||||||||||| ||und||
040 ## - CATALOGING SOURCE
Transcribing agency GE_BSU
080 ## - UNIVERSAL DECIMAL CLASSIFICATION NUMBER
Universal Decimal Classification number 821.353.1-1
100 ## - MAIN ENTRY--PERSONAL NAME
Personal name ბესიკი.
245 ## - TITLE STATEMENT
Title თხზულებანი:ტექსტი,შენიშვნები,ლექსიკონი.
245 ## - TITLE STATEMENT
Statement of responsibility, etc. ალ.ბარამიძისა,და ვ.თოფურიას,რედაქვიით.
250 ## - EDITION STATEMENT
Edition statement მეექვსე გამოცემა.
260 ## - PUBLICATION, DISTRIBUTION, ETC.
Place of publication, distribution, etc. თბილისი.
260 ## - PUBLICATION, DISTRIBUTION, ETC.
Name of publisher, distributor, etc. საბჭ.მწერალი.
260 ## - PUBLICATION, DISTRIBUTION, ETC.
Date of publication, distribution, etc. 1962.
300 ## - PHYSICAL DESCRIPTION
Extent 360გვ;21სმ.
653 ## - INDEX TERM--UNCONTROLLED
Uncontrolled term თხზულებანი.
942 ## - ADDED ENTRY ELEMENTS (KOHA)
Koha item type წიგნი

არაა ხელმისაწვდომი ეგზემპლარები.